000 00304nam a22001337a 4500
008 181012b xxu||||| |||| 00| 0 eng d
020 _a9781439810736
041 _aeng
080 _22nd
_a531
100 _a43
101 _aFIZ
245 _aSuperstrings and Other Things
_cCalle, C.I
942 _2udc
_cBK
999 _c49478
_d49478